| 000 | 00262 a2200085 4500 | ||
|---|---|---|---|
| 245 | 0 |
_aTablicy bibliotecnoj klassifikacii dlja massovych bibliotek / _cAmbarcumjan Z.N.. |
|
| 250 | _aIzd. 3. | ||
| 710 | 2 |
_aKniga. _eWydawca _4pbl |
|
| 260 |
_aMoskva : _bKniga, _c1968. |
||
| 300 |
_a238 s.; _c25 cm. |
||
| 999 |
_c12398 _d12398 |
||